Trnava

Zobrazenie: 4 pohľady na námestie a mestskú vežu a evanjelický kostol

Bibliographic Details
Other Authors: Veliká, Dagmar, 1950- (Photographer), Pavlíková, Soňa (fotografka) (Photographer), Pék, Milan (fotograf) (Photographer), Sláma, Ján (fotograf) (Photographer)
Format: Photo
Language:Slovak
PhysicalDescription:1 pohľadnica (5 čiastkových pohľadov) farebná 11 x 15 cm
Published: Bratislava Pravda 1990
Subjects:

MARC

LEADER 00000ckm a2200000 a 4500
001 vtls001207170
003 SK-MaSNL
005 20260331202757.0
007 kf co
008 230718s1989 xo g 0k|slo
015 |a SNBG1989 
035 |a SNK000150240 
035 |a urn:nbn:sk:snk-km3lzj3 
035 |a 9B94C803-FDDA-4D69-A487-3AF615DF90F3 
035 |a urn:nbn:sk:snk-km00dnqp 
040 |a SNK  |b slo  |c SNK  |e AACR2 
041 0 |a slo 
043 |a e-xo--- 
044 |a xo  |c SK 
072 7 |a 913  |x Regionálna geografia  |2 konspekt 
080 |a 913(437.6)  |2 2011 
080 |a 726:27-523.42  |2 2011 
080 |a (084.121)  |2 2011 
080 |a 908.437.627(084.121)  |2 1981 
100 1 |a Veliká, Dagmar,  |d 1950-  |4 pht  |9 120350 
245 1 0 |a Trnava  |h grafika  |c foto Dagmar Veliká, Soňa Pavlíková, Milan Pék, Ján Sláma 
260 |a Bratislava  |b Pravda  |c 1990  |e Bratislava  |f Pravda 
300 |a 1 pohľadnica (5 čiastkových pohľadov)  |b farebná  |c 11 x 15 cm 
500 |a Trnava - patrí k najstarším mestám. Prvá zmienka pochádza z r. 1211, práva slobod. kráľovského mesta získala r. 1238. V 17. - 19. stor zohrala významnú úlohu v kultúrnych dejinách Slovákov. 
520 8 |a Zobrazenie: 4 pohľady na námestie a mestskú vežu a evanjelický kostol 
650 0 7 |a kostoly  |2 SNKPH  |9 3023 
650 0 7 |a Mestská veža (Trnava, Slovensko)  |2 SNKKA  |9 173573 
651 7 |a Trnava (Slovensko)  |2 SNKPHgeo  |9 19407 
655 7 |a miestne pohľadnice  |2 SNKPH  |9 70510 
700 1 |a Pavlíková, Soňa  |c (fotografka)  |4 pht  |9 283316 
700 1 |a Pék, Milan  |c (fotograf)  |4 pht  |9 283339 
700 1 |a Sláma, Ján  |c (fotograf)  |4 pht  |9 283283 
852 |a Slovenská národná knižnica 
954 |a pohľadnice pôvodné (slovenské)  |2 lita 
954 |a pohľadnice cudzojazyčné (svetové)  |2 lita 
958 |a GBN 
958 |a TL 
958 |a GC 
958 |a OND 
999 |c 688596  |d 690526 
952 |a SNK  |b SNK  |y PREZ  |7 0  |p 17A1293054  |o snkSP 142859  |i snk3205/90  |0 0  |1 0  |4 0  |d 2018-05-07  |f 1  |l 0  |r 2026-02-23 20:19:23  |w 2026-02-23 
952 |a SNK  |b SNK  |y PREZ  |7 0  |p 17A1293055  |o snkSP 142859 D1  |i snk3206/90  |0 0  |1 0  |4 0  |d 2018-05-07  |l 0  |r 2026-02-23 20:19:23  |w 2026-02-23